[Event "European Youth Chess Championship G16"]
[Site "Prague, Top Hotel Prague"]
[Date "2012.08.23"]
[Round "7.10"]
[White "Smirnova, Ekaterina"]
[Black "Chetina, Elizaveta"]
[Result "1-0"]
[WhiteElo "2113"]
[BlackElo "1793"]
[PlyCount "0"]
[EventDate "2012.08.17"]

1. e4 {[%clk 1:30:58]} e5 {[%clk 1:30:56]} 2. Nf3 {[%clk 1:31:25]} Nc6
{[%clk 1:31:21]} 3. Bc4 {[%clk 1:31:51]} Bc5 {[%clk 1:31:46]} 4. c3
{[%clk 1:31:53]} Nf6 {[%clk 1:32:04]} 5. d3 {[%clk 1:32:12]} d6 {[%clk 1:31:52]}
6. Nbd2 {[%clk 1:31:39]} O-O {[%clk 1:31:14]} 7. O-O {[%clk 1:30:55]} a6
{[%clk 1:29:09]} 8. b4 {[%clk 1:24:59]} Bb6 {[%clk 1:28:02]} 9. a4
{[%clk 1:19:22]} Be6 {[%clk 1:26:05]} 10. Qb3 {[%clk 1:18:43]} Qe7
{[%clk 1:08:30]} 11. Bb2 {[%clk 1:14:00]} Nh5 {[%clk 1:00:02]} 12. d4
{[%clk 1:08:10]} Bg4 {[%clk 0:58:51]} 13. h3 {[%clk 1:06:09]} Bxf3
{[%clk 0:58:30]} 14. Nxf3 {[%clk 1:06:34]} Nf4 {[%clk 0:55:35]} 15. Rfe1
{[%clk 0:40:49]} Qf6 {[%clk 0:53:21]} 16. Re3 {[%clk 0:28:01]} Qg6
{[%clk 0:48:52]} 17. g3 {[%clk 0:22:20]} Nxh3+ {[%clk 0:46:52]} 18. Kf1
{[%clk 0:19:43]} Qf6 {[%clk 0:41:52]} 19. Rd1 {[%clk 0:18:27]} h6
{[%clk 0:37:28]} 20. Kg2 {[%clk 0:17:09]} Ng5 {[%clk 0:36:46]} 21. Nxg5
{[%clk 0:17:29]} Qxg5 {[%clk 0:34:48]} 22. Rf3 {[%clk 0:17:27]} Qg6
{[%clk 0:34:25]} 23. Bd5 {[%clk 0:14:03]} Nd8 {[%clk 0:28:37]} 24. Qc2
{[%clk 0:12:10]} c6 {[%clk 0:28:03]} 25. Bb3 {[%clk 0:11:22]} Ne6
{[%clk 0:27:23]} 26. dxe5 {[%clk 0:09:47]} dxe5 {[%clk 0:27:33]} 27. Bxe6
{[%clk 0:09:15]} fxe6 {[%clk 0:26:29]} 28. Rxf8+ {[%clk 0:09:25]} Rxf8
{[%clk 0:26:54]} 29. f3 {[%clk 0:08:59]} Qf6 {[%clk 0:25:32]} 30. Qe2
{[%clk 0:08:50]} h5 {[%clk 0:23:00]} 31. Rh1 {[%clk 0:08:17]} g6 {[%clk 0:22:18]}
32. Bc1 {[%clk 0:07:55]} Rd8 {[%clk 0:21:24]} 33. Be3 {[%clk 0:06:49]} Bxe3
{[%clk 0:21:07]} 34. Qxe3 {[%clk 0:07:18]} Rd7 {[%clk 0:20:56]} 35. Kh3
{[%clk 0:04:50]} Kg7 {[%clk 0:19:45]} 36. Rf1 {[%clk 0:03:30]} g5
{[%clk 0:18:29]} 37. Rf2 {[%clk 0:02:46]} Kg6 {[%clk 0:14:45]} 38. a5
{[%clk 0:01:13]} h4 {[%clk 0:14:03]} 39. gxh4 {[%clk 0:01:17]} Rh7
{[%clk 0:14:04]} 40. Kg2 {[%clk 0:30:48]} Rxh4 {[%clk 0:43:58]} 41. Kf1
{[%clk 0:28:46]} Rh1+ {[%clk 0:41:15]} 42. Ke2 {[%clk 0:29:10]} Qd8
{[%clk 0:41:16]} 43. Qd2 {[%clk 0:28:30]} Qe7 {[%clk 0:35:51]} 44. Rg2
{[%clk 0:27:28]} Kh5 {[%clk 0:33:37]} 45. Kd3 {[%clk 0:23:07]} Qf6
{[%clk 0:31:37]} 46. Kc4 {[%clk 0:21:42]} Kg6 {[%clk 0:29:40]} 47. Kc5
{[%clk 0:16:31]} Rh7 {[%clk 0:24:36]} 48. Qd3 {[%clk 0:14:50]} Qf8+
{[%clk 0:24:20]} 49. Kc4 {[%clk 0:14:29]} Rf7 {[%clk 0:21:49]} 50. Rg3
{[%clk 0:14:03]} Rc7 {[%clk 0:17:36]} 51. Qe3 {[%clk 0:11:50]} Qf4
{[%clk 0:17:00]} 52. Qg1 {[%clk 0:11:26]} Rd7 {[%clk 0:16:12]} 53. Rg4
{[%clk 0:09:36]} Qd2 {[%clk 0:16:03]} 54. f4 {[%clk 0:07:42]} exf4
{[%clk 0:10:05]} 55. Rxg5+ {[%clk 0:08:06]} Kf6 {[%clk 0:10:03]} 56. e5+
{[%clk 0:02:49]} Ke7 {[%clk 0:08:45]} 57. Rg7+ {[%clk 0:03:03]} Kd8
{[%clk 0:09:00]} 58. Rg8+ 1-0

[Event "European Youth Chess Championship G16"]
[Site "Prague, Top Hotel Prague"]
[Date "2012.08.23"]
[Round "7.12"]
[White "Styazhkina, Anna"]
[Black "Pastuszko, Kinga"]
[Result "1/2-1/2"]
[WhiteElo "2150"]
[BlackElo "1946"]
[PlyCount "84"]
[EventDate "2012.08.17"]

1. e4 e5 2. Nf3 Nc6 3. Bb5 a6 4. Ba4 Nge7 5. d3 g6 6. h4 h5 7. Bg5 Bg7 8. Nc3
f6 9. Be3 d5 10. Bc5 b5 11. Bb3 Be6 12. d4 b4 13. Nxd5 Nxd5 14. exd5 Bxd5 15.
dxe5 Bxb3 16. Qxd8+ Rxd8 17. axb3 a5 18. exf6 Bxf6 19. Rb1 Kf7 20. O-O Rhe8 21.
Be3 Nd4 22. Nxd4 Bxd4 23. Bg5 Rd5 24. Rbd1 c6 25. c4 bxc3 26. bxc3 Bxc3 27. Rc1
Rd3 28. Be3 Rb8 29. Rb1 Bf6 30. Rbc1 Rc3 31. Bd2 Rxc1 32. Rxc1 Rxb3 33. Bxa5
Bxh4 34. g3 Bf6 35. Rxc6 Rb7 36. Kg2 Ra7 37. Bd2 Ra3 38. Be3 Ra5 39. Rb6 Rd5
40. Kf3 Rf5+ 41. Kg2 Rd5 42. Rc6 Rd7 1/2-1/2

[Event "European Youth Chess Championship G16"]
[Site "Prague, Top Hotel Prague"]
[Date "2012.08.23"]
[Round "7.13"]
[White "Shakhmurzova, Fatima"]
[Black "Kostitsina, Liubov"]
[Result "0-1"]
[WhiteElo "1905"]
[BlackElo "2057"]
[PlyCount "82"]
[EventDate "2012.08.17"]

1. e4 c5 2. Nf3 e6 3. d4 cxd4 4. Nxd4 a6 5. Bd3 Bc5 6. Nb3 Ba7 7. c4 Nc6 8. O-O
d6 9. Nc3 Ne5 10. Be2 Qc7 11. Nd2 Nf6 12. Kh1 h5 13. Qe1 Bd7 14. Nf3 Nxc4 15.
Bxc4 Qxc4 16. b3 Qc7 17. Bf4 Bc6 18. Rd1 e5 19. Bc1 O-O 20. Ba3 Rad8 21. Ng5
Rfe8 22. Rc1 Qb6 23. Qe2 Bd7 24. h3 Bb5 25. Nxb5 axb5 26. Bb4 Rc8 27. Rcd1 Rcd8
28. Rc1 d5 29. Bc5 Qa6 30. Bxa7 Qxa7 31. Rc7 Qb6 32. Rfc1 Nxe4 33. Nxf7 Qxf2
34. Qxb5 Ng3+ 35. Kh2 Qf4 36. Nxd8 Ne2+ 37. Kh1 Ng3+ 38. Kg1 Rxd8 39. Rc8 Kh7
40. Rxd8 Qxc1+ 41. Kh2 h4 0-1

[Event "European Youth Chess Championship G16"]
[Site "Prague, Top Hotel Prague"]
[Date "2012.08.23"]
[Round "7.14"]
[White "Bezkorovaina, Marija"]
[Black "Cemhan, Kardelen"]
[Result "0-1"]
[WhiteElo "2056"]
[BlackElo "1938"]
[PlyCount "54"]
[EventDate "2012.08.17"]

1. d4 d5 2. c4 dxc4 3. Nf3 Nf6 4. e3 e6 5. Bxc4 c5 6. O-O a6 7. Nc3 b5 8. Bb3
Bb7 9. Qe2 Nbd7 10. Rd1 Rb8 11. e4 cxd4 12. Nxd4 Bd6 13. e5 Bxe5 14. Nxe6 fxe6
15. f4 Bxc3 16. bxc3 Qc7 17. Qxe6+ Kd8 18. Be3 Qc6 19. Qh3 Re8 20. Rd2 Kc7 21.
f5 Rbd8 22. Bf4+ Kc8 23. Be6 Ne4 24. Rd4 Nec5 25. Bd6 Nxe6 26. fxe6 Rxe6 27.
Bg3 Re2 0-1

[Event "European Youth Chess Championship G16"]
[Site "Prague, Top Hotel Prague"]
[Date "2012.08.23"]
[Round "7.15"]
[White "Soyunlu, Narmin"]
[Black "Szente Varga, Fruzsina"]
[Result "1-0"]
[WhiteElo "1895"]
[BlackElo "2053"]
[PlyCount "59"]
[EventDate "2012.08.17"]

1. d4 Nf6 2. c4 c5 3. Nf3 cxd4 4. Nxd4 b6 5. g3 Bb7 6. Nf3 g6 7. Bg2 Bg7 8. Nc3
O-O 9. O-O d6 10. Nd5 Nc6 11. Bd2 Ne4 12. Qc2 Nxd2 13. Qxd2 Rc8 14. Rac1 e6 15.
Nc3 Qe7 16. Rfd1 Rfd8 17. e4 Na5 18. b3 Bxc3 19. Rxc3 Bxe4 20. Re3 d5 21. cxd5
Rxd5 22. Qe1 Rxd1 23. Qxd1 Rd8 24. Qc1 Bb7 25. h4 Qd7 26. Qc3 Ba6 27. Ne5 Qe7
28. Ng4 h5 29. Nf6+ Kf8 30. Nd5 1-0

[Event "European Youth Chess Championship G16"]
[Site "Prague, Top Hotel Prague"]
[Date "2012.08.23"]
[Round "7.16"]
[White "Vanagaite, Giedre"]
[Black "Zamanova, Bikakhanim"]
[Result "1-0"]
[WhiteElo "1996"]
[BlackElo "1788"]
[PlyCount "85"]
[EventDate "2012.08.17"]

1. d4 Nf6 2. c4 g6 3. Nc3 Bg7 4. e4 d6 5. f3 O-O 6. Be3 Nbd7 7. Qd2 e5 8. d5
Nh5 9. O-O-O a6 10. g4 Nf4 11. h4 b5 12. Nge2 bxc4 13. Nxf4 exf4 14. Bxf4 Nb6
15. Bh6 Qf6 16. Bxg7 Qxg7 17. Ne2 Na4 18. Qd4 Qxd4 19. Nxd4 Rb8 20. Rh2 c3 21.
b3 Nc5 22. Kc2 f5 23. exf5 gxf5 24. g5 Bb7 25. Bc4 Nd7 26. Re2 Ne5 27. f4 Nxc4
28. bxc4 a5 29. Re7 Rf7 30. Rxf7 Kxf7 31. Nxf5 Bc8 32. Nh6+ Kg6 33. Kxc3 Bd7
34. Re1 Re8 35. Rxe8 Bxe8 36. f5+ Kg7 37. f6+ Kf8 38. Nf5 Bg6 39. Nd4 Kf7 40.
Nb5 h6 41. Nxc7 hxg5 42. hxg5 Bf5 43. Nb5 1-0

[Event "European Youth Chess Championship G16"]
[Site "Prague, Top Hotel Prague"]
[Date "2012.08.23"]
[Round "7.17"]
[White "Uzlavataya, Anhelina"]
[Black "Shamatava, Ana"]
[Result "0-1"]
[WhiteElo "1862"]
[BlackElo "2086"]
[PlyCount "90"]
[EventDate "2012.08.17"]

1. Nf3 Nf6 2. g3 d5 3. Bg2 e6 4. O-O Be7 5. d4 b5 6. Ne5 O-O 7. a4 b4 8. c4
bxc3 9. bxc3 Bb7 10. Nd2 Nbd7 11. Ndf3 c5 12. Rb1 Qc8 13. Bf4 Ba6 14. Nd2 Rd8
15. Re1 Nh5 16. c4 Nxf4 17. gxf4 Nxe5 18. dxe5 Rb8 19. Qc2 Qd7 20. Red1 Rb4 21.
Rxb4 cxb4 22. cxd5 exd5 23. Nf1 d4 24. Qd2 Qe6 25. Qb2 Qc4 26. Ng3 Qc3 27. Qb1
b3 28. Rc1 Qb4 29. Rc7 Rc8 30. Rxc8+ Bxc8 31. Be4 Qxa4 32. f5 Ba3 33. Qd1 Qc4
34. Kg2 a5 35. e3 Bc5 36. exd4 Bxd4 37. Ne2 Bxe5 38. f3 Ba6 39. Ng3 Bd4 40. f6
g6 41. Qd2 Qc5 42. Nf5 Qe5 43. Qxd4 Qxd4 44. Nxd4 a4 45. Bb1 Bc4 0-1

[Event "European Youth Chess Championship G16"]
[Site "Prague, Top Hotel Prague"]
[Date "2012.08.23"]
[Round "7.18"]
[White "Hoare, Amy B"]
[Black "Federovski, Adi"]
[Result "1-0"]
[WhiteElo "1958"]
[BlackElo "1851"]
[PlyCount "127"]
[EventDate "2012.08.17"]

1. e4 d6 2. d4 Nf6 3. Nc3 g6 4. Be3 c6 5. Qd2 Nbd7 6. f3 b5 7. g4 Nb6 8. Bd3
Qc7 9. h4 h5 10. g5 Nfd7 11. f4 b4 12. Nce2 c5 13. c3 a5 14. Nh3 Bb7 15. Rg1
O-O-O 16. f5 c4 17. Bc2 b3 18. axb3 cxb3 19. Bxb3 Bxe4 20. Ng3 Bd5 21. Bxd5
Nxd5 22. fxg6 fxg6 23. c4 Nxe3 24. Qxe3 Bg7 25. Nf4 Bxd4 26. Qxd4 e5 27. Qd2
exf4 28. Qxf4 Nc5 29. Qf3 Rhe8+ 30. Kd1 d5 31. Kc2 Nb7 32. Rge1 Rf8 33. Qd3
dxc4 34. Qe3 Rd3 35. Qe6+ Kb8 36. Ne4 Rfd8 37. Re2 Rb3 38. Nc3 Rb6 39. Qe5 Qxe5
40. Rxe5 Rbd6 41. Rd1 Rxd1 42. Nxd1 Rd6 43. Ne3 Rc6 44. Re4 c3 45. bxc3 Nc5 46.
Rf4 Kb7 47. Nc4 Ra6 48. Ne5 Re6 49. Rf7+ Kc8 50. Nc4 a4 51. Rf6 Kd7 52. Rxg6
Re2+ 53. Kb1 Re4 54. Nb6+ Ke7 55. Nd5+ Kf7 56. Rf6+ Kg7 57. Nf4 Re1+ 58. Kb2
Kg8 59. Rc6 Re5 60. Nxh5 Nd3+ 61. Ka3 Nc5 62. Rc7 Kf8 63. Nf6 Rf5 64. Rxc5 1-0

[Event "European Youth Chess Championship G16"]
[Site "Prague, Top Hotel Prague"]
[Date "2012.08.23"]
[Round "7.19"]
[White "Kiseleva, Arina"]
[Black "Bartsits, Sabina"]
[Result "1-0"]
[WhiteElo "1937"]
[BlackElo "1841"]
[PlyCount "73"]
[EventDate "2012.08.17"]

1. d4 Nf6 2. Nf3 e6 3. g3 d5 4. Bg2 Bd6 5. O-O Nbd7 6. c4 c6 7. Qc2 O-O 8. Nbd2
Re8 9. b3 e5 10. cxd5 cxd5 11. dxe5 Nxe5 12. Bb2 Bg4 13. Nxe5 Bxe5 14. Bxe5
Rxe5 15. Nf3 Rh5 16. Rfc1 Rc8 17. Qb2 Ne4 18. Rxc8 Qxc8 19. Rc1 Qd8 20. Qc2 Rh6
21. Qc7 Qxc7 22. Rxc7 Rc6 23. Rxc6 bxc6 24. Ne5 Bxe2 25. Nxc6 Nc3 26. a4 Kf8
27. f4 Ke8 28. Kf2 Bd1 29. Nd4 g6 30. Ke3 Bg4 31. Kd3 Ne4 32. Bxe4 dxe4+ 33.
Kxe4 f6 34. b4 Bd1 35. a5 Kd7 36. b5 Kc7 37. Kd5 1-0

[Event "European Youth Chess Championship G16"]
[Site "Prague, Top Hotel Prague"]
[Date "2012.08.23"]
[Round "7.20"]
[White "Tarnowska, Aleksandra"]
[Black "Turk, Tajana"]
[Result "1-0"]
[WhiteElo "1839"]
[BlackElo "1907"]
[PlyCount "71"]
[EventDate "2012.08.17"]

1. e4 c5 2. Nf3 e6 3. d4 cxd4 4. Nxd4 a6 5. Bd3 Bc5 6. Nb3 Be7 7. Qg4 Bf6 8. f4
d6 9. Nc3 Nc6 10. Be3 b5 11. a3 Bb7 12. O-O Nge7 13. Rae1 Ng6 14. g3 Rc8 15. h4
h5 16. Qh3 Nf8 17. Qg2 Nd7 18. Kh2 Nb6 19. e5 dxe5 20. fxe5 Bxe5 21. Qf2 Qxh4+
22. Kg1 Qxg3+ 23. Qxg3 Bxg3 24. Bxb6 Bxe1 25. Rxe1 Ne7 26. Bd4 Bd5 27. Nc5 Ra8
28. Nxa6 O-O 29. Nc7 Rac8 30. N3xb5 Rfd8 31. a4 Rd7 32. Bb6 Rb8 33. a5 Nc8 34.
Bf2 Nd6 35. Nxd5 Nxb5 36. Nb6 1-0

[Event "European Youth Chess Championship G16"]
[Site "Prague, Top Hotel Prague"]
[Date "2012.08.23"]
[Round "7.21"]
[White "Sanders, Catheleijne"]
[Black "Schmalhorst, Sophia"]
[Result "1/2-1/2"]
[WhiteElo "1800"]
[BlackElo "1905"]
[PlyCount "81"]
[EventDate "2012.08.17"]

1. e4 e5 2. Nf3 Nc6 3. Bb5 a6 4. Ba4 Nf6 5. d4 exd4 6. e5 Ne4 7. O-O Be7 8.
Nxd4 Nxd4 9. Qxd4 Nc5 10. Nc3 O-O 11. Bg5 Bxg5 12. Qxc5 Be7 13. Qd5 c6 14. Qd4
d5 15. exd6 Qxd6 16. Qxd6 Bxd6 17. Rad1 Bc7 18. Bb3 Bf5 19. f3 Rad8 20. Ne4 h6
21. Rfe1 Rfe8 22. Rxd8 Rxd8 23. Ng3 Bxg3 24. hxg3 Kf8 25. Kf2 Rd2+ 26. Re2
Rxe2+ 27. Kxe2 Ke7 28. Ke3 Be6 29. Bxe6 Kxe6 30. Kd4 Kd6 31. b4 b6 32. g4 g6
33. a4 Ke6 34. a5 bxa5 35. bxa5 Kd6 36. g3 f5 37. gxf5 gxf5 38. c4 h5 39. f4
c5+ 40. Ke3 Ke6 41. Kf3 1/2-1/2

[Event "European Youth Chess Championship G16"]
[Site "Prague, Top Hotel Prague"]
[Date "2012.08.23"]
[Round "7.22"]
[White "Amiridou, Dimitra"]
[Black "Skakun, Valentina"]
[Result "1-0"]
[WhiteElo "1752"]
[BlackElo "1884"]
[PlyCount "47"]
[EventDate "2012.08.17"]

1. e4 c5 2. Nf3 g6 3. c4 Bg7 4. d4 cxd4 5. Nxd4 Nc6 6. Be3 Nf6 7. f3 O-O 8. Qd2
b6 9. Nc3 Bb7 10. Be2 e6 11. Ndb5 d5 12. cxd5 exd5 13. exd5 Ne7 14. d6 Nf5 15.
Bf4 Nh5 16. Bg5 f6 17. Be3 Nxe3 18. Qxe3 f5 19. Qe7 Ba6 20. Nc7 Bxc3+ 21. bxc3
Bxe2 22. Qxe2 Qd7 23. Qc4+ Kh8 24. Qd4+ 1-0

[Event "European Youth Chess Championship G16"]
[Site "Prague, Top Hotel Prague"]
[Date "2012.08.23"]
[Round "7.23"]
[White "Sen, Beril Berfin"]
[Black "Richterova, Natasa"]
[Result "0-1"]
[WhiteElo "1586"]
[BlackElo "1864"]
[PlyCount "68"]
[EventDate "2012.08.17"]

1. d4 Nf6 2. c4 e5 3. d5 Bc5 4. Nc3 d6 5. e3 a6 6. Nf3 O-O 7. Be2 Bg4 8. h3 Bh5
9. O-O Nbd7 10. Qc2 h6 11. a3 a5 12. Rb1 Re8 13. b4 axb4 14. axb4 Bg6 15. e4
Bd4 16. Nxd4 exd4 17. Nb5 Nxe4 18. Bd3 Nc3 19. Nxc3 Bxd3 20. Qxd3 dxc3 21. Qxc3
Ne5 22. Bb2 f6 23. Ra1 Qd7 24. Qb3 Ng6 25. Rxa8 Rxa8 26. Ra1 Re8 27. Qf3 Qe7
28. Bd4 Qe4 29. Qxe4 Rxe4 30. Rd1 Nf4 31. Ba7 Rxc4 32. Bb8 Kf7 33. Kf1 Ke7 34.
b5 b6 0-1

[Event "European Youth Chess Championship G16"]
[Site "Prague, Top Hotel Prague"]
[Date "2012.08.23"]
[Round "7.24"]
[White "Jacimovic, Sara"]
[Black "Foster, Chantelle L"]
[Result "0-1"]
[WhiteElo "1933"]
[BlackElo "1824"]
[PlyCount "40"]
[EventDate "2012.08.17"]

1. d4 d5 2. e3 Nf6 3. Bd3 Nc6 4. f4 Nb4 5. Nf3 Nxd3+ 6. cxd3 e6 7. Nc3 c5 8.
dxc5 Bxc5 9. d4 Be7 10. O-O O-O 11. a3 a5 12. Ne5 Bd7 13. g4 Ne4 14. Nxe4 dxe4
15. Qc2 Bb5 16. Rd1 f6 17. Qb3 Qd5 18. Qc2 Rac8 19. Qg2 fxe5 20. fxe5 Bd3 0-1

[Event "European Youth Chess Championship G16"]
[Site "Prague, Top Hotel Prague"]
[Date "2012.08.23"]
[Round "7.25"]
[White "Cosman, Andreea-Marioara"]
[Black "Sroubova, Lenka"]
[Result "1-0"]
[WhiteElo "1921"]
[BlackElo "1772"]
[PlyCount "113"]
[EventDate "2012.08.17"]

1. d4 d5 2. c4 Nc6 3. cxd5 Qxd5 4. e3 e5 5. Nc3 Bb4 6. Bd2 Bxc3 7. Bxc3 Nge7 8.
dxe5 Be6 9. Nf3 Rd8 10. Qxd5 Nxd5 11. Bb5 Nxc3 12. bxc3 O-O 13. Bxc6 bxc6 14.
Nd4 Bd5 15. O-O c5 16. Nb3 c4 17. Nc5 Rfe8 18. f4 Rb8 19. Rab1 Rb6 20. Rfd1 Bc6
21. Rxb6 cxb6 22. Na6 Kf8 23. Nb4 Bb7 24. Rd7 Re7 25. Rd8+ Re8 26. Rd7 Re7 27.
Rd8+ Re8 28. Rxe8+ Kxe8 29. Nc2 b5 30. Nd4 a6 31. Kf2 Be4 32. g4 Kd7 33. Ke2 g6
34. a3 Ke7 35. Kf2 h6 36. h4 Bd5 37. Kg3 Kd7 38. h5 gxh5 39. gxh5 Be4 40. f5
Ke7 41. Kf4 Bb7 42. e6 f6 43. e4 Kd6 44. Nf3 a5 45. e5+ Ke7 46. exf6+ Kxf6 47.
Ne5 Bc8 48. Ng4+ Ke7 49. Ke5 b4 50. f6+ Ke8 51. cxb4 axb4 52. axb4 c3 53. Ne3
Bb7 54. b5 Kf8 55. Kd6 Ke8 56. f7+ Kf8 57. Kd7 1-0

[Event "European Youth Chess Championship G16"]
[Site "Prague, Top Hotel Prague"]
[Date "2012.08.23"]
[Round "7.26"]
[White "Rykala, Monika"]
[Black "Dziodzio, Angelika"]
[Result "1-0"]
[WhiteElo "1844"]
[BlackElo "1886"]
[PlyCount "91"]
[EventDate "2012.08.17"]

1. c4 e5 2. Nc3 d6 3. g3 c5 4. Bg2 Nc6 5. Nf3 g6 6. O-O Bg7 7. a3 Nge7 8. Rb1
Be6 9. d3 Rb8 10. Bd2 O-O 11. Ne1 f5 12. Nc2 Qd7 13. b4 b6 14. Ne3 h6 15. Ned5
Kh7 16. Qa4 Rbd8 17. Rfe1 f4 18. Nxe7 Nxe7 19. Qxd7 Rxd7 20. Ne4 g5 21. a4 Rc8
22. a5 Nf5 23. axb6 axb6 24. bxc5 bxc5 25. Rb6 Rcd8 26. Nxc5 dxc5 27. Rxe6 Nd4
28. Rb6 Ra7 29. Be4+ Kg8 30. Bd5+ Kh7 31. Be4+ Kg8 32. Rb2 Rf8 33. Kg2 g4 34.
f3 h5 35. Bc3 Bf6 36. Bxd4 exd4 37. Bg6 gxf3+ 38. exf3 fxg3 39. hxg3 h4 40. g4
Kg7 41. Bf5 Rfa8 42. f4 Re7 43. Be4 Rg8 44. Rh1 Kh6 45. Kf3 Rf8 46. Rb6 1-0

[Event "European Youth Chess Championship G16"]
[Site "Prague, Top Hotel Prague"]
[Date "2012.08.23"]
[Round "7.27"]
[White "Leonardi, Caterina"]
[Black "Kejzar, Petra"]
[Result "1-0"]
[WhiteElo "1884"]
[BlackElo "1704"]
[PlyCount "115"]
[EventDate "2012.08.17"]

1. d4 Nf6 2. c4 e6 3. Nf3 c5 4. d5 exd5 5. cxd5 d6 6. Nc3 Be7 7. e4 a6 8. a4
O-O 9. Be2 Nbd7 10. O-O h6 11. Nd2 Nh7 12. Qc2 f5 13. Nc4 Nb6 14. e5 dxe5 15.
Nxe5 Bd6 16. f4 Re8 17. a5 Nd7 18. Nc4 Ndf6 19. Bd3 g6 20. h3 Nf8 21. b3 Qc7
22. Bd2 Bd7 23. Kh1 Nh5 24. Rf3 Re7 25. Nxd6 Qxd6 26. Rd1 Rc8 27. Bc4 Kh7 28.
Ne2 Nf6 29. Bc3 Ne4 30. Be5 Rxe5 31. fxe5 Qxe5 32. Nf4 Re8 33. Nd3 Qd6 34. Nf2
Ng3+ 35. Kg1 f4 36. Qd2 g5 37. Re1 Rxe1+ 38. Qxe1 Bf5 39. Qe8 Qf6 40. Qe1 Ng6
41. Bd3 Nh4 42. Bxf5+ Ngxf5 43. Rd3 Nd4 44. Ng4 Qf7 45. Qe4+ Nhf5 46. d6 Kg7
47. Qe5+ Kg6 48. Qxc5 Qe6 49. Ne5+ Kf6 50. d7 Nc6 51. Qxc6 bxc6 52. d8=Q+ Kxe5
53. Kh2 Ke4 54. Rd2 Ne3 55. Rd4+ Ke5 56. Qh8+ Kf5 57. Qh7+ Ke5 58. Re4+ 1-0

[Event "European Youth Chess Championship G16"]
[Site "Prague, Top Hotel Prague"]
[Date "2012.08.23"]
[Round "7.28"]
[White "Luzikova, Nicola"]
[Black "Beshukova, Ekaterina"]
[Result "0-1"]
[WhiteElo "1769"]
[BlackElo "1879"]
[PlyCount "78"]
[EventDate "2012.08.17"]

1. d4 d5 2. Nf3 Nf6 3. c4 c6 4. Nc3 g6 5. Bf4 Bg7 6. e3 O-O 7. Bd3 e6 8. O-O
Re8 9. Re1 Nbd7 10. e4 dxe4 11. Nxe4 Nxe4 12. Bxe4 Nf6 13. Bc2 Qb6 14. b3 c5
15. dxc5 Qxc5 16. Be3 Qe7 17. Qe2 b6 18. Rad1 Bb7 19. Bd4 Rad8 20. Bc3 Rxd1 21.
Rxd1 Rd8 22. Rxd8+ Qxd8 23. Qd1 Qxd1+ 24. Bxd1 Ne4 25. Bxg7 Kxg7 26. Bc2 Nc3
27. a3 Bxf3 28. gxf3 Ne2+ 29. Kg2 Nd4 30. Bd1 Kf6 31. b4 Ke5 32. Kg3 Nf5+ 33.
Kg4 h6 34. Ba4 Kd4 35. Bb5 Nd6 36. Kf4 e5+ 37. Kg4 f5+ 38. Kh4 Nxb5 39. cxb5
Kc4 0-1

[Event "European Youth Chess Championship G16"]
[Site "Prague, Top Hotel Prague"]
[Date "2012.08.23"]
[Round "7.29"]
[White "Trippold, Denise"]
[Black "Gogishvili, Dea"]
[Result "0-1"]
[WhiteElo "1773"]
[BlackElo "1875"]
[PlyCount "94"]
[EventDate "2012.08.17"]

1. d4 d5 2. c4 c6 3. Nf3 e6 4. g3 dxc4 5. Bg2 b5 6. O-O Bb7 7. Nc3 Nd7 8. e4
Ngf6 9. e5 Nd5 10. Ng5 Be7 11. Qh5 g6 12. Qh6 Bf8 13. Qh3 Nxc3 14. bxc3 Qc7 15.
Be4 Bg7 16. Qg4 Nf8 17. Qf3 h6 18. Nxf7 Qxf7 19. Bxc6+ Nd7 20. Qxf7+ Kxf7 21.
Bxb7 Rab8 22. Bc6 Rhd8 23. Rb1 a6 24. Ba3 Rb6 25. Be4 a5 26. Bd6 Rc8 27. f4 b4
28. cxb4 axb4 29. Rxb4 c3 30. d5 Rxb4 31. Bxb4 Rc4 32. f5 exf5 33. Bxf5 gxf5
34. e6+ Ke8 35. exd7+ Kxd7 36. Ba3 c2 37. Bc1 Kd6 38. Rxf5 Be5 39. Kf2 Rd4 40.
Ba3+ Kxd5 41. Bb2 Ke4 42. Rxe5+ Kxe5 43. Ke3 Kd5 44. Bc1 Rd1 45. Bd2 c1=Q 46.
Bxc1 Rxc1 47. Kf4 Ke6 0-1

[Event "European Youth Chess Championship G16"]
[Site "Prague, Top Hotel Prague"]
[Date "2012.08.23"]
[Round "7.30"]
[White "Rojikova, Lenka"]
[Black "Hiebler, Laura"]
[Result "1-0"]
[WhiteElo "1866"]
[BlackElo "1795"]
[PlyCount "119"]
[EventDate "2012.08.17"]

1. e4 e5 2. f4 exf4 3. Nf3 Be7 4. Bc4 Nf6 5. e5 Ng4 6. O-O d5 7. exd6 Qxd6 8.
d4 O-O 9. Nc3 Qh6 10. Nd5 Bd6 11. h3 Ne3 12. Nxe3 fxe3 13. Qe2 Bf4 14. Ne5 Bxe5
15. dxe5 Nc6 16. Bxe3 Qg6 17. Bc5 Bxh3 18. Bxf8 Rxf8 19. Bd3 Qg5 20. Qe4 g6 21.
Qf3 Be6 22. Qf4 Qxe5 23. Rae1 Qc5+ 24. Qe3 Qa5 25. Qh6 Rd8 26. Re4 Qb6+ 27. Qe3
Qxb2 28. a4 Nb4 29. Qg5 Rd5 30. Qf4 Nxd3 31. cxd3 Qb6+ 32. d4 Bf5 33. Re8+ Kg7
34. g4 Rxd4 35. Qe5+ Kh6 36. Qe3+ Kg7 37. gxf5 Rg4+ 38. Kh2 Qxe3 39. Rxe3 Rxa4
40. f6+ Kh6 41. Rh3+ Kg5 42. Rxh7 Rh4+ 43. Rxh4 Kxh4 44. Rc1 c6 45. Ra1 a6 46.
Rb1 Kg5 47. Rxb7 Kxf6 48. Rb6 Kg5 49. Rxc6 a5 50. Rc5+ f5 51. Rxa5 Kg4 52. Ra6
g5 53. Kg2 Kh4 54. Kf3 g4+ 55. Kf4 Kh3 56. Kxf5 g3 57. Kf4 Kh2 58. Rh6+ Kg2 59.
Rg6 Kf2 60. Rxg3 1-0

[Event "European Youth Chess Championship G16"]
[Site "Prague, Top Hotel Prague"]
[Date "2012.08.23"]
[Round "7.31"]
[White "Djogteva, Jekaterina"]
[Black "Zemkova, Klara"]
[Result "1/2-1/2"]
[WhiteElo "1828"]
[BlackElo "1646"]
[PlyCount "144"]
[EventDate "2012.08.17"]

1. e4 e6 2. d3 d5 3. Nd2 Nf6 4. Ngf3 c5 5. g3 Nc6 6. Bg2 g6 7. O-O Bg7 8. c3
O-O 9. e5 Nd7 10. d4 b5 11. Re1 b4 12. Nf1 Qb6 13. Be3 bxc3 14. bxc3 cxd4 15.
cxd4 Ba6 16. Ng5 Rfc8 17. Qg4 Bd3 18. Qh4 Nf8 19. Qf4 Qb7 20. h4 h6 21. Nh3 Nb4
22. Nh2 Nc2 23. Rab1 Qd7 24. Red1 Bf5 25. Rbc1 Nxe3 26. Qxe3 Rxc1 27. Rxc1 Rc8
28. Nf4 Rxc1+ 29. Qxc1 Qb7 30. Qa3 Nd7 31. g4 Bf8 32. Qa4 Bb1 33. Ne2 Bd3 34.
Nc3 Nb6 35. Qd1 Qa6 36. h5 Qc4 37. Nb1 Qc2 38. Qxc2 Bxc2 39. Nc3 a6 40. hxg6
fxg6 41. Bf1 Bb4 42. Ne2 Bd3 43. Nf4 Bxf1 44. Kxf1 Kf7 45. Nf3 Na4 46. Nd3 Ba3
47. Nfe1 Nc3 48. Nc2 Be7 49. Ncb4 a5 50. Nc6 Nxa2 51. Nxa5 Nc3 52. Nc6 Nb5 53.
Ke2 Nc3+ 54. Kf1 Ne4 55. Kg2 h5 56. gxh5 gxh5 57. Nf4 h4 58. Nxe7 h3+ 59. Kxh3
Kxe7 60. f3 Nd2 61. Kg4 Nb3 62. Ne2 Kf7 63. Kg5 Nd2 64. f4 Ne4+ 65. Kh6 Nd2 66.
Nc3 Ne4 67. Nb5 Ng3 68. Kg5 Ke7 69. Kg6 Nf5 70. Kg5 Ng3 71. Kg6 Nf5 72. Nd6
Nxd4 1/2-1/2

[Event "European Youth Chess Championship G16"]
[Site "Prague, Top Hotel Prague"]
[Date "2012.08.23"]
[Round "7.32"]
[White "Machlik, Monika"]
[Black "Colantuono, Virginia"]
[Result "1/2-1/2"]
[WhiteElo "1718"]
[BlackElo "1892"]
[PlyCount "82"]
[EventDate "2012.08.17"]

1. d4 Nf6 2. c4 g6 3. Nc3 Bg7 4. e4 d6 5. f4 O-O 6. Nf3 c5 7. d5 e6 8. Be2 exd5
9. cxd5 Re8 10. e5 dxe5 11. fxe5 Ng4 12. Bg5 Qa5 13. O-O Nxe5 14. Nxe5 Bxe5 15.
Bc4 Qb4 16. Qf3 Bf5 17. Bb5 Rc8 18. d6 Qd4+ 19. Kh1 Qxd6 20. Rad1 Bd4 21. Nd5
Nc6 22. Bxc6 bxc6 23. Ne7+ Kh8 24. Nxc8 Rxc8 25. Bf4 Qd5 26. Qxd5 cxd5 27. b3
Re8 28. h3 Kg7 29. Kh2 Re2 30. Rd2 Re6 31. Rdd1 h5 32. Rfe1 Be4 33. Be3 Bc3 34.
Bd2 Bd4 35. Be3 Bc3 36. Bd2 Be5+ 37. Kg1 Bg3 38. Re2 Bd6 39. Bc1 Bg3 40. Ba3
Rc6 41. Rc1 Be5 1/2-1/2